[Event "2LD 24/25,Lanskroun-Jihlava B"]
[Site ""]
[Date "2024.11.17"]
[Round "3.5"]
[White "Duriancik, Michal"]
[Black "Seidl, Antonin"]
[WhiteElo "1919"]
[BlackElo "2079"]
[Result "1/2-1/2"]
[PlyCount "130"]

1. d4 Nf6 2. c4 e6 3. Nc3 Bb4 4. Qc2 d5 5. cxd5 exd5 6. Bg5 O-O 7. e3 c6 8. Bd3
h6 9. Bh4 Nbd7 10. Nf3 Re8 11. O-O Bxc3 12. bxc3 Qa5 13. c4 dxc4 14. Bxc4 Ne4
15. Bd3 Ng5 16. Nxg5 hxg5 17. Bg3 Nb6 18. Qe2 Bf5 19. Rfc1 Bxd3 20. Qxd3 Nd5
21. Qf5 Qd8 22. Rab1 Qe7 23. Rb3 Rad8 24. Be5 f6 25. Bg3 Kf7 26. Qb1 Rd7 27. a4
Rc8 28. a5 g6 29. h3 Kg7 30. e4 Nf4 31. Bxf4 gxf4 32. d5 c5 33. Rd1 Rcc7 34.
Rc3 Qd6 35. Qc2 b5 36. axb6 axb6 37. Rb1 Rb7 38. Rb5 Qe5 39. Rcb3 Rd6 40. Qc4
Ra7 41. Rxb6 Rxb6 42. Rxb6 f3 43. g3 Qa1+ 44. Kh2 Qe1 45. h4 Qxf2+ 46. Kh3 f5
47. Qc3+ Kh7 48. exf5 gxf5 49. Qb2 Qf1+ 50. Kh2 f2 51. Rb7+ Rxb7 52. Qxb7+ Kg6
53. Qc6+ Kh5 54. Qe8+ Kg4 55. Qg6+ Kf3 56. Qxf5+ Ke3 57. Qf4+ Kd3 58. Qf3+ Kd2
59. Qf4+ Kd3 60. Qf3+ Kc4 61. Qe4+ Kb5 62. Qe8+ Kb4 63. Qb8+ Kc4 64. Qf4+ Kb5
65. Qb8+ Kc4 1/2-1/2

[Event "2LD 24/25,Lanskroun-Jihlava B"]
[Site ""]
[Date "2024.11.17"]
[Round "3.6"]
[White "Jurek, Miroslav"]
[Black "Mikyska, Kamil"]
[WhiteElo "2094"]
[BlackElo "1992"]
[Result "1/2-1/2"]
[PlyCount "130"]

1. e4 e5 2. Nf3 Nc6 3. d4 exd4 4. c3 d3 5. Bxd3 Be7 6. O-O d6 7. Bf4 Nf6 8.
Nbd2 O-O 9. Qb3 Nd7 10. Nd4 Nc5 11. Qc2 Nxd3 12. Qxd3 Ne5 13. Qc2 Bf6 14. Bg3
c5 15. Ne2 b5 16. Nf4 Bb7 17. Nf3 Nxf3+ 18. gxf3 Be5 19. Nd3 Bxg3 20. fxg3 Qb6
21. Nf4 Rad8 22. Rad1 Rfe8 23. Nd5 Bxd5 24. Rxd5 Re5 25. Rfd1 f6 26. Qd2 Rxd5
27. Qxd5+ Kf8 28. Qe6 d5 29. Qxb6 axb6 30. exd5 Ke7 31. b3 c4 32. Rd4 Ra8 33.
bxc4 bxc4 34. Rxc4 Rxa2 35. Rb4 Ra6 36. Kf2 Kd6 37. Rb5 Ra2+ 38. Ke3 Rxh2 39.
c4 Kc7 40. Kf4 Rd2 41. Rb4 g6 42. g4 Rd1 43. Ke3 h6 44. Ke2 Rd4 45. Ke3 Rd1 46.
Ra4 Kb7 47. Ra2 Rc1 48. Rh2 h5 49. gxh5 gxh5 50. Rxh5 Rxc4 51. Rh7+ Rc7 52. Rh6
Rf7 53. Ke4 Kc7 54. Rh8 Kd6 55. Kd4 Ra7 56. Rd8+ Ke7 57. Rb8 Ra4+ 58. Kc3 Rf4
59. Rxb6 Rxf3+ 60. Kd4 Rf1 61. Re6+ Kd7 62. Ra6 Rd1+ 63. Ke4 Re1+ 64. Kf5 Re5+
65. Kxf6 Rxd5 1/2-1/2

[Event "2LD 24/25,Lanskroun-Jihlava B"]
[Site ""]
[Date "2024.11.17"]
[Round "3.7"]
[White "Pokorny, Jiri"]
[Black "Hrabal, Michal"]
[WhiteElo "1813"]
[BlackElo "2040"]
[Result "1/2-1/2"]
[PlyCount "119"]

1. e4 e5 2. Nf3 Nc6 3. d4 exd4 4. Bc4 Nf6 5. e5 d5 6. Bb5 Ne4 7. Nxd4 Bd7 8.
Bxc6 bxc6 9. O-O Bc5 10. f3 Ng5 11. Be3 Qe7 12. f4 Ne4 13. Nd2 Nxd2 14. Qxd2
Bb6 15. c3 O-O 16. a4 a5 17. Nb3 Rab8 18. Bxb6 cxb6 19. Rae1 f5 20. e6 Bc8 21.
Re5 Bb7 22. Nd4 g6 23. Qe1 c5 24. Nf3 d4 25. cxd4 Bxf3 26. Rxf3 cxd4 27. Rd3
Rfd8 28. Qd2 Rd6 29. Rxd4 Rxe6 30. Qe3 Re8 31. Rxe6 Qxe6 32. Qxe6+ Rxe6 33. Kf2
Kf7 34. Rd7+ Kf6 35. Kf3 h5 36. Rb7 Rd6 37. Ke3 Ke6 38. Rg7 Kd5 39. Kd3 Kc5+
40. Kc3 Re6 41. g3 Re3+ 42. Kd2 Re6 43. Kc3 Re3+ 44. Kd2 Re6 45. Kc3 h4 46.
Rc7+ Kd6 47. Rc4 hxg3 48. Rd4+ Kc6 49. hxg3 Re3+ 50. Rd3 Rxd3+ 51. Kxd3 Kd5 52.
b3 Kc5 53. Kc3 b5 54. axb5 Kxb5 55. Kc2 Kc6 56. Kd2 Kc5 57. Kc3 Kb5 58. Kc2 Kb4
59. Kb2 Kb5 60. Kc2 1/2-1/2

[Event "2LD 24/25,Lanskroun-Jihlava B"]
[Site ""]
[Date "2024.11.17"]
[Round "3.8"]
[White "Mouryc, Tomas"]
[Black "Solil, Roman"]
[WhiteElo "1960"]
[BlackElo "1946"]
[Result "0-1"]
[PlyCount "74"]

1. e4 d6 2. d4 Nf6 3. Nc3 g6 4. Be3 Bg7 5. Qd2 O-O 6. O-O-O c6 7. f3 Qc7 8. Bh6
Bxh6 9. Qxh6 e5 10. Nge2 b5 11. Rd2 b4 12. Nd1 Be6 13. Kb1 Nbd7 14. Ne3 d5 15.
exd5 Nxd5 16. Nxd5 Bxd5 17. dxe5 Qxe5 18. h4 Nf6 19. Qf4 Qe7 20. g4 Rad8 21.
Nc1 Rfe8 22. Bd3 Qd6 23. Qxd6 Rxd6 24. Rf1 Rde6 25. Re2 Re3 26. Ref2 Re1 27. c4
bxc3 28. bxc3 Rxf1 29. Rxf1 Re3 30. g5 Nd7 31. c4 Bxf3 32. Kc2 Bg4 33. Rf4 Be6
34. Kd2 Rh3 35. Rd4 Kg7 36. Nb3 Ne5 37. c5 Nf3+ 0-1

[Event "2LD 24/25,Policka-Lipky HK B"]
[Site ""]
[Date "2024.11.17"]
[Round "3.1"]
[White "Cerveny, Petr"]
[Black "Jares, Michal"]
[WhiteElo "2279"]
[BlackElo "2285"]
[Result "0-1"]
[PlyCount "112"]

1. d4 Nf6 2. Nf3 d5 3. Bf4 g6 4. e3 Bg7 5. Be2 c5 6. c3 Qb6 7. Qb3 c4 8. Qa3
Nc6 9. b3 cxb3 10. axb3 O-O 11. h3 Nd7 12. O-O e5 13. dxe5 Ndxe5 14. Rd1 Be6
15. Nd4 Rfe8 16. Nd2 Rac8 17. b4 a6 18. Rab1 Nxd4 19. exd4 Nd7 20. Bd3 Bf8 21.
Rdc1 Nf6 22. Qa5 Qd8 23. Qxd8 Rexd8 24. Be5 Nd7 25. Bg3 Bh6 26. Rb2 Nb6 27.
Rbc2 Rxc3 28. Rxc3 Bxd2 29. Kf1 Bxc1 30. Rxc1 Rc8 31. Rc7 Rxc7 32. Bxc7 Nc8 33.
b5 axb5 34. Bxb5 Kf8 35. Ke2 Ke7 36. Ba5 Bd7 37. Bb4+ Ke6 38. Bd3 Nd6 39. Ke3
Bb5 40. Bxd6 Bxd3 41. Bc5 Bf1 42. Kf3 Kd7 43. h4 Kc6 44. g4 Kb5 45. h5 gxh5 46.
gxh5 b6 47. Be7 Kc4 48. Ke3 b5 49. Bc5 Kc3 50. Bb6 b4 51. Ba5 Kb3 52. Kd2 Ka3
53. Kc1 Bd3 54. Kd2 Bf5 55. Kc1 Be4 56. h6 Bg6 0-1

[Event "2LD 24/25,Policka-Lipky HK B"]
[Site ""]
[Date "2024.11.17"]
[Round "3.2"]
[White "Cech, Pavel"]
[Black "Cesenek, Jan"]
[WhiteElo "2330"]
[BlackElo "2035"]
[Result "1/2-1/2"]
[PlyCount "69"]

1. d4 Nf6 2. Bg5 Ne4 3. h4 h6 4. Bf4 d5 5. e3 e6 6. Bd3 Nf6 7. Nf3 c5 8. c3 Nc6
9. Nbd2 Bd6 10. Ne5 Qc7 11. Ndf3 c4 12. Bc2 b5 13. Nxc6 Qxc6 14. Ne5 Qc7 15. a3
Bb7 16. Qf3 O-O-O 17. h5 a5 18. g4 Rdf8 19. Qg3 Nd7 20. Nxd7 Bxf4 21. Qxf4 Qxf4
22. exf4 Kxd7 23. Kd2 Kd6 24. Rae1 Bc6 25. Re5 Rb8 26. Rhe1 b4 27. axb4 axb4
28. f5 Bd7 29. fxe6 fxe6 30. f4 b3 31. Bg6 Rhf8 32. Ke3 Ra8 33. Kf3 Ra2 34.
R5e2 Rfa8 35. Bb1 1/2-1/2

[Event "2LD 24/25,Policka-Lipky HK B"]
[Site ""]
[Date "2024.11.17"]
[Round "3.3"]
[White "Houska, Bronislav"]
[Black "Winter, Ondrej"]
[WhiteElo "1994"]
[BlackElo "2230"]
[Result "0-1"]
[PlyCount "60"]

1. Nf3 c5 2. c4 Nc6 3. g3 g6 4. Bg2 Bg7 5. Nc3 d6 6. O-O e5 7. Ne1 Be6 8. d3
Nge7 9. Nc2 d5 10. cxd5 Nxd5 11. Ne3 Nde7 12. Nc4 O-O 13. Bg5 f6 14. Be3 b6 15.
Qa4 Qd7 16. a3 Rab8 17. Qb5 Qc8 18. Nd6 Qc7 19. Nde4 h6 20. f4 Nf5 21. Bd2 Nfd4
22. Qa4 Bb3 23. Qa6 b5 24. Nxc5 Rb6 25. Bd5+ Kh8 26. e3 Rxa6 27. exd4 Bxd5 28.
Nxa6 Qd8 29. fxe5 Nxd4 30. Nxd5 Ne2+ 0-1

[Event "2LD 24/25,Policka-Lipky HK B"]
[Site ""]
[Date "2024.11.17"]
[Round "3.4"]
[White "Nun, Jiri"]
[Black "Kastner, Oldrich"]
[WhiteElo "2232"]
[BlackElo "2018"]
[Result "1-0"]
[PlyCount "73"]

1. e4 e6 2. d4 d5 3. e5 c5 4. c3 Nc6 5. Nf3 Bd7 6. Bd3 Qb6 7. dxc5 Bxc5 8. O-O
f6 9. b4 Be7 10. b5 Na5 11. a4 Bc5 12. Nbd2 O-O-O 13. Nb3 Nxb3 14. Qxb3 a5 15.
c4 Ne7 16. Ba3 Ng6 17. Bxc5 Qxc5 18. cxd5 Kb8 19. Bxg6 hxg6 20. dxe6 Bc8 21.
exf6 gxf6 22. Rfe1 g5 23. Rac1 Qe7 24. Qc3 b6 25. Nd4 Qd6 26. Nc6+ Ka8 27. Nxd8
Qxh2+ 28. Kf1 Rxd8 29. Qh3 Qd6 30. Rc6 Qd4 31. Qe3 Qh4 32. Qxb6 Qh1+ 33. Ke2
Qh5+ 34. f3 Re8 35. Qxa5+ Kb8 36. Qc7+ Ka8 37. Rb6 1-0

[Event "2LD 24/25,Policka-Lipky HK B"]
[Site ""]
[Date "2024.11.17"]
[Round "3.5"]
[White "Lorenc, Oldrich"]
[Black "Novak, Radomir"]
[WhiteElo "1997"]
[BlackElo "2055"]
[Result "1/2-1/2"]
[PlyCount "39"]

1. Nf3 d5 2. c4 c6 3. b3 Bf5 4. Bb2 Nf6 5. g3 e6 6. Bg2 h6 7. O-O Be7 8. d3 O-O
9. Nbd2 Nbd7 10. Re1 Bh7 11. a3 a5 12. d4 b5 13. c5 Ne4 14. b4 Qc7 15. Nb3 a4
16. Nc1 Ng5 17. Nd3 Nxf3+ 18. exf3 Rac8 19. f4 Bd8 20. Re3 1/2-1/2

[Event "2LD 24/25,Policka-Lipky HK B"]
[Site ""]
[Date "2024.11.17"]
[Round "3.6"]
[White "Jezbera, Jiri"]
[Black "Komarkova, Magdalena"]
[WhiteElo "2031"]
[BlackElo "1966"]
[Result "1-0"]
[PlyCount "41"]

1. e4 c5 2. Nc3 Nc6 3. f4 g6 4. Nf3 Bg7 5. Bc4 d6 6. O-O e6 7. Ng5 a6 8. a4 Nd4
9. d3 Ne7 10. f5 d5 11. f6 Bxf6 12. Rxf6 O-O 13. Ba2 Nec6 14. Rf1 Nb4 15. Bb1
f6 16. Nf3 Bd7 17. Nxd4 cxd4 18. Ne2 dxe4 19. dxe4 e5 20. c3 dxc3 21. Qb3+ 1-0

[Event "2LD 24/25,Policka-Lipky HK B"]
[Site ""]
[Date "2024.11.17"]
[Round "3.7"]
[White "Tulis, Jan"]
[Black "Tichy, Miroslav"]
[WhiteElo "1936"]
[BlackElo "1981"]
[Result "1/2-1/2"]
[PlyCount "111"]

1. c4 Nf6 2. Nc3 g6 3. g3 Bg7 4. Bg2 d6 5. d4 O-O 6. e4 Nc6 7. Nge2 a6 8. O-O
Rb8 9. b3 Bd7 10. Bb2 b5 11. cxb5 axb5 12. Qd2 Qc8 13. Rfc1 Qa6 14. Nd1 Rfc8
15. Ne3 e6 16. e5 Ne8 17. Ng4 Nd8 18. Qf4 b4 19. Rc2 Bb5 20. Nc1 Qb6 21. a4
bxa3 22. Bxa3 c5 23. exd6 cxd4 24. Raa2 Qa5 25. b4 Qb6 26. Rc5 Qxd6 27. Nh6+
Kf8 28. Qd2 Rc7 29. Rac2 Ra7 30. Bb2 Nc7 31. Nb3 e5 32. Na5 Na6 33. Rc8 Rxc8
34. Rxc8 Rc7 35. Nb7 Rxb7 36. Bxb7 Qd7 37. Bxa6 Bxa6 38. Rc1 Qh3 39. Nxf7 Nxf7
40. b5 Bb7 41. f4 exf4 42. Rc7 Bd5 43. Qc2 Nd6 44. Ba3 Qe6 45. Rc8+ Ke7 46.
Qc7+ Kf6 47. Qxd6 Qxd6 48. Bxd6 fxg3 49. hxg3 Bh6 50. Kf2 Be3+ 51. Ke2 Be6 52.
Rc7 Bg4+ 53. Kd3 Bf5+ 54. Ke2 Bg4+ 55. Kd3 Bf5+ 56. Ke2 1/2-1/2

[Event "2LD 24/25,Policka-Lipky HK B"]
[Site ""]
[Date "2024.11.17"]
[Round "3.8"]
[White "Jaeger, Ludek"]
[Black "Schaffer, David"]
[WhiteElo "1991"]
[BlackElo "1809"]
[Result "1/2-1/2"]
[PlyCount "32"]

1. c4 e5 2. Nc3 Nf6 3. g3 d5 4. cxd5 Nxd5 5. Bg2 Nb6 6. Nf3 Nc6 7. O-O Be6 8.
d3 Be7 9. b3 Qd7 10. Bb2 Bh3 11. Qc2 h5 12. Ne4 Bxg2 13. Kxg2 h4 14. a3 hxg3
15. fxg3 Qh3+ 16. Kg1 Nd5 1/2-1/2

[Event "2LD 24/25,Lipa-Polabiny C"]
[Site ""]
[Date "2024.11.17"]
[Round "3.1"]
[White "Jirasek, Pavel"]
[Black "Jedlicka, Ales"]
[WhiteElo "2268"]
[BlackElo "2094"]
[Result "1/2-1/2"]
[PlyCount "120"]

1. c4 Nf6 2. g3 e6 3. Bg2 d5 4. Nf3 a6 5. b3 Be7 6. O-O Nbd7 7. Nc3 O-O 8. Bb2
c6 9. d3 b5 10. e4 bxc4 11. dxc4 dxc4 12. e5 Nd5 13. bxc4 Nxc3 14. Bxc3 Qc7 15.
Rb1 a5 16. Qd2 Rd8 17. Qf4 Nc5 18. Bd4 Ba6 19. Be3 h6 20. Qg4 Kh8 21. Nd4 Bxc4
22. Nxc6 Bxf1 23. Rxf1 Nd3 24. Qh5 Bf8 25. Nxd8 Rxd8 26. Rd1 Kg8 27. Be4 Nb4
28. Rc1 Qd7 29. Bb6 Rc8 30. Rxc8 Qxc8 31. Bxa5 Qc1+ 32. Kg2 Qc4 33. Qg4 Qxa2
34. Bb6 Nd5 35. Bd4 Qc4 36. Qd1 Bc5 37. Bxc5 Qxe4+ 38. Kg1 Qxe5 39. Qa4 Nc3 40.
Qe8+ Kh7 41. Be3 Qf5 42. Qd7 Nd5 43. Qa7 h5 44. Qd4 f6 45. Kg2 Qg4 46. Qd3+ Qg6
47. Qc4 Nxe3+ 48. fxe3 e5 49. e4 Qg5 50. h4 Qg4 51. Qd3 f5 52. exf5 e4 53. Qd5
Qf3+ 54. Kh2 Qf2+ 55. Kh3 Qf1+ 56. Kh2 Qe2+ 57. Kh3 e3 58. Qe6 Qg4+ 59. Kg2
Qe2+ 60. Kh3 Qg4+ 1/2-1/2

[Event "2LD 24/25,Lipa-Polabiny C"]
[Site ""]
[Date "2024.11.17"]
[Round "3.2"]
[White "Mojzis, Jaroslav"]
[Black "Rokos, Filip"]
[WhiteElo "2049"]
[BlackElo "2161"]
[Result "1-0"]
[PlyCount "51"]

1. Nf3 e6 2. g3 d5 3. Bg2 c5 4. O-O Nc6 5. d4 Nf6 6. c4 dxc4 7. Qa4 Bd7 8. Qxc4
Qb6 9. dxc5 Bxc5 10. Nc3 Na5 11. Qh4 Rc8 12. Na4 Bxa4 13. Qxa4+ Ke7 14. Ne5
Rhd8 15. Nd3 Rd4 16. b4 Rxb4 17. Nxb4 Qxb4 18. Qxb4 Bxb4 19. Rb1 Bd6 20. Bd2
Nc4 21. Rxb7+ Ke8 22. Bb4 Bxb4 23. Rxb4 Nd7 24. Rb7 a5 25. Rc1 Rc5 26. e3 1-0

[Event "2LD 24/25,Lipa-Polabiny C"]
[Site ""]
[Date "2024.11.17"]
[Round "3.3"]
[White "Kracik, Tomas"]
[Black "Kulhanek, Jachym"]
[WhiteElo "2185"]
[BlackElo "1968"]
[Result "0-1"]
[PlyCount "66"]

1. e4 c5 2. Nf3 Nc6 3. Bb5 g6 4. O-O Bg7 5. c3 Nf6 6. Re1 O-O 7. Na3 d5 8. e5
Ne8 9. Bxc6 bxc6 10. Qa4 Qd7 11. d3 Nc7 12. Bf4 Ne6 13. Bg3 Rb8 14. Rab1 Rb6
15. Qc2 Ba6 16. Qe2 Rfb8 17. b3 Bc8 18. Rbd1 a5 19. Nc2 d4 20. cxd4 cxd4 21.
Nd2 Bh6 22. Nc4 Ra6 23. Rb1 c5 24. a3 Bb7 25. b4 axb4 26. axb4 Bd5 27. Red1 Ra2
28. Ra1 Rxa1 29. Rxa1 Bxc4 30. dxc4 d3 31. Qd1 cxb4 32. Ne1 d2 33. Nf3 b3 0-1

[Event "2LD 24/25,Lipa-Polabiny C"]
[Site ""]
[Date "2024.11.17"]
[Round "3.4"]
[White "Stary, Vojtech"]
[Black "Safarik, Jakub"]
[WhiteElo "1895"]
[BlackElo "2087"]
[Result "0-1"]
[PlyCount "126"]

1. Nf3 Nf6 2. c4 e6 3. g3 d5 4. Bg2 Be7 5. O-O O-O 6. d4 dxc4 7. Ne5 Nc6 8.
Nxc6 bxc6 9. Bxc6 Rb8 10. Nc3 Rb6 11. Bg2 Bb7 12. Bxb7 Rxb7 13. e3 c5 14. dxc5
Bxc5 15. Qe2 Qd3 16. Qf3 Qd7 17. Rd1 Qc7 18. Ne4 Nxe4 19. Qxe4 Be7 20. Rd4 Rc8
21. Rxc4 Qxc4 22. Qxb7 Bf6 23. Bd2 Rd8 24. Bc3 Bxc3 25. bxc3 Qxc3 26. Rb1 Qd3
27. Rb3 Qd1+ 28. Kg2 h5 29. Qxa7 Qd5+ 30. Kg1 Qe5 31. Rb1 h4 32. Qb7 h3 33. a4
Qf5 34. Rc1 Rd5 35. Qb8+ Kh7 36. Qb1 Rd3 37. Rd1 Ra3 38. Qxf5+ exf5 39. Kf1
Rxa4 40. Ke2 g5 41. f4 f6 42. Rd4 Ra6 43. Rd2 Kg6 44. Kf3 Ra3 45. Rc2 Ra1 46.
Rd2 Re1 47. g4 Rf1+ 48. Ke2 Rg1 49. gxf5+ Kxf5 50. fxg5 fxg5 51. Rd5+ Ke6 52.
e4 g4 53. Rh5 Rg2+ 54. Ke3 Rxh2 55. Kf4 Rg2 56. Rh6+ Kf7 57. Kf5 Kg7 58. Rh4 h2
59. e5 g3 60. e6 Rf2+ 61. Ke5 g2 62. e7 Re2+ 63. Kd6 g1=Q 0-1

[Event "2LD 24/25,Lipa-Polabiny C"]
[Site ""]
[Date "2024.11.17"]
[Round "3.5"]
[White "Szucs, Matyas"]
[Black "Trasakova, Adela"]
[WhiteElo "2091"]
[BlackElo "1921"]
[Result "1-0"]
[PlyCount "71"]

1. e4 c6 2. Nc3 d5 3. Nf3 Bg4 4. h3 Bxf3 5. Qxf3 Nf6 6. d3 e6 7. Bd2 d4 8. Ne2
c5 9. g4 Nc6 10. g5 Nd7 11. h4 Qb6 12. O-O-O Qa6 13. Kb1 b5 14. h5 Nde5 15. Qg3
O-O-O 16. Bg2 Nd7 17. g6 f6 18. Bh3 e5 19. h6 c4 20. hxg7 Bxg7 21. gxh7 Bf8 22.
Qg8 Be7 23. Rdg1 Kc7 24. Qf7 Rdf8 25. Qe6 Nc5 26. Qf5 cxd3 27. cxd3 Nxd3 28.
Rg7 Kb6 29. Nc1 Nc5 30. Rhg1 d3 31. Be3 Rd8 32. Nb3 d2 33. Rd1 Nb4 34. a3 Qa4
35. axb4 Qxb3 36. Qe6+ 1-0

[Event "2LD 24/25,Lipa-Polabiny C"]
[Site ""]
[Date "2024.11.17"]
[Round "3.6"]
[White "Danek, Pavel"]
[Black "Sedivy, Martin"]
[WhiteElo "1948"]
[BlackElo "2113"]
[Result "1/2-1/2"]
[PlyCount "85"]

1. d4 Nf6 2. Nf3 e6 3. Bg5 d5 4. e3 h6 5. Bh4 g5 6. Bg3 Ne4 7. Nfd2 Nxg3 8.
hxg3 c5 9. c3 Qb6 10. Qb3 c4 11. Qxb6 axb6 12. b4 cxb3 13. Bb5+ Bd7 14. Bxd7+
Kxd7 15. Nxb3 Nc6 16. Ke2 Ba3 17. Nxa3 Rxa3 18. Rhb1 Rha8 19. Rb2 Kc7 20. Kd2
Ne7 21. g4 Nc8 22. Rh1 Rxa2 23. Kc2 Nd6 24. Nc1 Rxb2+ 25. Kxb2 Rh8 26. Kc2 f6
27. f3 Nf7 28. e4 dxe4 29. fxe4 Nd6 30. Kd3 f5 31. gxf5 exf5 32. e5 Ne4 33. Rf1
Ng3 34. Rf3 f4 35. Ne2 Nxe2 36. Kxe2 Ra8 37. Kd3 h5 38. g3 fxg3 39. Rxg3 g4 40.
Ke4 Kd7 41. Kf5 Rf8+ 42. Ke4 Rg8 43. Kf4 1/2-1/2

[Event "2LD 24/25,Lipa-Polabiny C"]
[Site ""]
[Date "2024.11.17"]
[Round "3.7"]
[White "Sucharda, David"]
[Black "Stary, Lukas"]
[WhiteElo "2078"]
[BlackElo "1953"]
[Result "1-0"]
[PlyCount "119"]

1. Nf3 Nf6 2. c4 c5 3. Nc3 d5 4. cxd5 Nxd5 5. e3 e6 6. b3 Nxc3 7. dxc3 Qxd1+ 8.
Kxd1 Nc6 9. e4 Bd6 10. Be3 b6 11. Nd2 Bb7 12. Kc2 Ke7 13. Be2 Rhd8 14. Nc4 Ne5
15. Nxd6 Rxd6 16. f3 Ng6 17. Rhd1 Rad8 18. a4 Rxd1 19. Rxd1 Rxd1 20. Kxd1 e5
21. Kc2 Kd6 22. b4 cxb4 23. cxb4 Bc6 24. a5 Ba4+ 25. Kc3 Kc6 26. Bc4 Bb5 27.
Bxf7 Bf1 28. axb6 axb6 29. g3 Bg2 30. Bd5+ Kb5 31. f4 exf4 32. Bxf4 Ne7 33.
Bc4+ Ka4 34. Bd6 Nc6 35. e5 Na7 36. Bf8 Nb5+ 37. Kb2 Nd4 38. e6 Nf5 39. Kc3 g6
40. b5 Bh3 41. Kd3 h5 42. Ke4 h4 43. Kf4 hxg3 44. hxg3 g5+ 45. Kxg5 Nxg3 46. e7
Ne4+ 47. Kh4 Bd7 48. Bd5 Nd6 49. Bc6 Be6 50. Kg5 Bf7 51. Kf6 Bh5 52. Bh6 Ka5
53. Bd2+ Ka4 54. Ke6 Ne8 55. Be1 Ng7+ 56. Kd7 Be2 57. Bc3 Bg4+ 58. Kc7 Ne6+ 59.
Kxb6 Bh5 60. e8=Q 1-0

[Event "2LD 24/25,Lipa-Polabiny C"]
[Site ""]
[Date "2024.11.17"]
[Round "3.8"]
[White "Trojan, Lubos"]
[Black "Novak, Ludek"]
[WhiteElo "1901"]
[BlackElo "1935"]
[Result "1/2-1/2"]
[PlyCount "93"]

1. d4 g6 2. Nf3 Bg7 3. e4 c5 4. Be3 cxd4 5. Bxd4 Nf6 6. Nbd2 Nc6 7. Bc3 O-O 8.
Bc4 d6 9. Bb3 Bd7 10. O-O Rc8 11. Re1 b5 12. e5 dxe5 13. Nxe5 Nxe5 14. Bxe5 Bc6
15. Qe2 e6 16. Rad1 Qb6 17. c3 Rfd8 18. Bd4 Qb7 19. f3 Bd5 20. Qf2 a6 21. a3
Ne8 22. Bb6 Rd6 23. Ba5 Rd7 24. Bc2 Nd6 25. Bb4 Nc4 26. Nxc4 bxc4 27. Ba4 Rdd8
28. Re2 Bf8 29. Bxf8 Rxf8 30. Rd4 Rfd8 31. Bd1 Rd6 32. Qe3 Qe7 33. h4 h5 34.
Bc2 Kg7 35. Qe5+ f6 36. Qg3 f5 37. Qe5+ Kf7 38. Bd1 Rcd8 39. Rf2 Qf6 40. Qxf6+
Kxf6 41. f4 Rb8 42. Rdd2 Rdb6 43. Rfe2 Be4 44. Rf2 Ke7 45. Kh2 a5 46. Ba4 R8b7
47. Bd1 1/2-1/2

[Event "2LD 24/25,Namest n/Osl B-Polabiny C"]
[Site ""]
[Date "2024.12.01"]
[Round "4.1"]
[White "Setina, Vaclav"]
[Black "Stocek, Martin"]
[WhiteElo "2046"]
[BlackElo "2072"]
[Result "1/2-1/2"]
[PlyCount "147"]

1. e4 c6 2. d4 d5 3. exd5 cxd5 4. c4 Nf6 5. Nc3 g6 6. cxd5 Bg7 7. Bc4 O-O 8.
Nge2 Nbd7 9. d6 exd6 10. O-O Nb6 11. Bb3 Bg4 12. h3 Bf5 13. Ng3 Bd7 14. Qf3 d5
15. Bg5 Bc6 16. Rad1 h6 17. Bc1 Qd7 18. h4 Qg4 19. Qxg4 Nxg4 20. h5 Rae8 21.
Bc2 Kh7 22. Nge2 Bb5 23. Nxb5 Rxe2 24. Bb3 Nf6 25. hxg6+ fxg6 26. f3 a6 27. Nc3
Re7 28. Rfe1 Rfe8 29. Rxe7 Rxe7 30. Kf2 Kg8 31. a4 Rd7 32. Ne2 g5 33. Ng3 Nc8
34. Nf5 Bf8 35. Rh1 Rf7 36. Ke2 Rh7 37. Bc2 Rc7 38. Kd1 Rh7 39. Bd2 Rh8 40. Re1
Kf7 41. Rh1 Kg8 42. Ne3 Ne7 43. Bb4 Kf7 44. Bb3 Nc6 45. Bc3 Ke6 46. Re1 Kd6 47.
Nf5+ Kd7 48. Bd2 Bd6 49. Rh1 Bf4 50. Bxf4 gxf4 51. Rh4 Rg8 52. Rxh6 Ke6 53. Nh4
Rg5 54. Ng6 Nxd4 55. Nxf4+ Kf5 56. Nxd5 Nxd5 57. Bxd5 Rxg2 58. Rb6 Kf4 59. Kc1
Ke3 60. Kb1 Rg1+ 61. Ka2 Nc2 62. Bxb7 a5 63. Kb3 Rc1 64. Re6+ Kd4 65. Re4+ Kd3
66. Ba6+ Kd2 67. Rc4 Na1+ 68. Ka2 Nc2 69. Bb5 Ke3 70. f4 Ra1+ 71. Kb3 Nd4+ 72.
Rxd4 Kxd4 73. f5 Rh1 74. Bd7 1/2-1/2

[Event "2LD 24/25,Namest n/Osl B-Polabiny C"]
[Site ""]
[Date "2024.12.01"]
[Round "4.2"]
[White "Lihotsky, Lukas"]
[Black "Miculka, Petr"]
[WhiteElo "2050"]
[BlackElo "1947"]
[Result "0-1"]
[PlyCount "74"]

1. d4 Nf6 2. c4 g6 3. Nc3 Bg7 4. e4 d6 5. Be2 O-O 6. Nf3 e5 7. O-O Nc6 8. d5
Ne7 9. Ne1 Nd7 10. Be3 f5 11. f3 f4 12. Bf2 g5 13. a4 Nf6 14. a5 Ng6 15. c5 a6
16. b4 h5 17. c6 bxc6 18. dxc6 g4 19. b5 axb5 20. Bxb5 g3 21. hxg3 fxg3 22.
Bxg3 h4 23. Bf2 Nh5 24. a6 Qg5 25. Nd5 Ngf4 26. Nxf4 Nxf4 27. Kh1 Nh5 28. Bc4+
Kh7 29. a7 Ng3+ 30. Kg1 Bh6 31. Nc2 h3 32. Kh2 Nxf1+ 33. Qxf1 hxg2 34. Qxg2
Qh5+ 35. Kg1 Bh3 36. Qg3 Rxf3 37. Qh2 Bf4 0-1

[Event "2LD 24/25,Namest n/Osl B-Polabiny C"]
[Site ""]
[Date "2024.12.01"]
[Round "4.3"]
[White "Soucek, Andrej"]
[Black "Varejcko, Josef"]
[WhiteElo "2026"]
[BlackElo "2086"]
[Result "1-0"]
[PlyCount "55"]

1. d4 g6 2. e4 Bg7 3. Nf3 c5 4. c3 b6 5. Bd3 Bb7 6. O-O Nf6 7. e5 Nd5 8. dxc5
bxc5 9. Be4 Ne3 10. Qd3 Bxe4 11. Qxe4 Nxf1 12. Qxa8 O-O 13. Kxf1 d5 14. Qxa7
Nd7 15. Be3 Qc8 16. Qa4 Nxe5 17. Nbd2 Nd3 18. Qb5 c4 19. a4 Qa8 20. a5 e5 21.
a6 e4 22. Ne1 Rb8 23. Bb6 Ne5 24. a7 Rc8 25. Nc2 Bh6 26. Nxe4 dxe4 27. Qxe5 Qb7
28. Bd4 1-0

[Event "2LD 24/25,Namest n/Osl B-Polabiny C"]
[Site ""]
[Date "2024.12.01"]
[Round "4.4"]
[White "Stary, Vojtech"]
[Black "Simajchl, Adam"]
[WhiteElo "1937"]
[BlackElo "1814"]
[Result "1-0"]
[PlyCount "51"]

1. Nf3 Nf6 2. c4 c5 3. d4 cxd4 4. Nxd4 Nc6 5. Nc3 d5 6. cxd5 Nxd5 7. Nxc6 bxc6
8. g3 e5 9. Bg2 Be6 10. O-O Be7 11. Qa4 O-O 12. Rd1 Nxc3 13. bxc3 Qc7 14. Be3
Bd5 15. Bxd5 cxd5 16. Rxd5 Qxc3 17. Rad1 h6 18. Rd7 Bc5 19. Rc1 Qb4 20. Qxb4
Bxb4 21. Bxa7 Rfd8 22. Rb7 Bd6 23. a4 Bb8 24. Bb6 Re8 25. a5 Ra6 26. Rd1 1-0

[Event "2LD 24/25,Namest n/Osl B-Polabiny C"]
[Site ""]
[Date "2024.12.01"]
[Round "4.5"]
[White "Zezula, Matej"]
[Black "Danek, Pavel"]
[WhiteElo "1852"]
[BlackElo "1964"]
[Result "1-0"]
[PlyCount "49"]

1. e4 e6 2. d4 d5 3. Nd2 dxe4 4. Nxe4 Nd7 5. Nf3 Be7 6. Bd3 Ngf6 7. Nxf6+ Nxf6
8. Qe2 O-O 9. h4 b6 10. Bf4 c5 11. O-O-O cxd4 12. Nxd4 Qd5 13. Kb1 Bb7 14. f3
Qc5 15. Nb3 Qc8 16. g4 Nd5 17. Bg5 Bf6 18. Bxf6 Nxf6 19. h5 h6 20. g5 hxg5 21.
h6 Qc7 22. hxg7 Kxg7 23. Qd2 Qe5 24. Rdg1 g4 25. Qh6+ 1-0

[Event "2LD 24/25,Namest n/Osl B-Polabiny C"]
[Site ""]
[Date "2024.12.01"]
[Round "4.6"]
[White "Stary, Lukas"]
[Black "Vojtech, Ladislav"]
[WhiteElo "1942"]
[BlackElo "1891"]
[Result "1/2-1/2"]
[PlyCount "70"]

1. Nf3 Nf6 2. c4 c6 3. b3 d5 4. Bb2 Bf5 5. e3 h6 6. d4 e6 7. Bd3 Bxd3 8. Qxd3
Bd6 9. O-O O-O 10. Nc3 Nbd7 11. e4 dxe4 12. Nxe4 Nxe4 13. Qxe4 Nf6 14. Qe2 a5
15. Ne5 a4 16. Bc3 Qe7 17. Rfd1 Bb4 18. Qe1 Bxc3 19. Qxc3 axb3 20. axb3 Rfd8
21. f3 Rxa1 22. Rxa1 c5 23. dxc5 Qxc5+ 24. Kf1 Nd5 25. Qa5 Ne3+ 26. Ke2 Qd4 27.
Ra2 Nxg2 28. Qc7 Nf4+ 29. Kf1 Rf8 30. Nd7 Qd1+ 31. Kf2 Qd4+ 32. Kf1 Qd1+ 33.
Kf2 Re8 34. Ne5 Qd4+ 35. Kf1 Qd1+ 1/2-1/2

[Event "2LD 24/25,Namest n/Osl B-Polabiny C"]
[Site ""]
[Date "2024.12.01"]
[Round "4.7"]
[White "Hladky, Mikulas"]
[Black "Halousek, Jaroslav"]
[WhiteElo "1779"]
[BlackElo "1861"]
[Result "1-0"]
[PlyCount "50"]

1. e4 c5 2. Nf3 g6 3. c3 Bg7 4. d4 cxd4 5. cxd4 d5 6. Bb5+ Bd7 7. Bxd7+ Qxd7 8.
exd5 Nf6 9. O-O O-O 10. Ne5 Qxd5 11. Nc3 Qa5 12. Qb3 Qb6 13. Qxb6 axb6 14. Be3
Rd8 15. Rfd1 Nd5 16. Nxd5 Rxd5 17. a3 Nc6 18. Nxc6 bxc6 19. Rac1 Rc8 20. b4 Kf8
21. Rc4 b5 22. Rc5 Rxc5 23. dxc5 e6 24. Kf1 Ra8 25. Rd3 Ra4 1-0

[Event "2LD 24/25,Lipky HK B-Lipa"]
[Site ""]
[Date "2024.12.01"]
[Round "4.1"]
[White "Kanovsky, David"]
[Black "Gloser, David"]
[WhiteElo "2381"]
[BlackElo "2327"]
[Result "0-1"]
[PlyCount "80"]

1. c4 e5 2. g3 Nf6 3. Bg2 c6 4. d4 e4 5. d5 Bb4+ 6. Bd2 Qe7 7. Nc3 O-O 8. a3
Bxc3 9. Bxc3 cxd5 10. cxd5 d6 11. Qd4 Nbd7 12. g4 Nc5 13. g5 Nh5 14. Qe3 f5 15.
f4 exf3 16. Qxf3 Qxg5 17. Nh3 Qh4+ 18. Qf2 Qe7 19. O-O-O f4 20. Rhg1 Bf5 21.
Rd4 Nb3+ 22. Kd1 Nxd4 23. Qxd4 Qe3 24. Ng5 Rae8 25. Bf3 Nf6 26. Ne6 Bxe6 27.
dxe6 g6 28. Rg5 Qxd4+ 29. Bxd4 b6 30. h4 Rxe6 31. h5 Kf7 32. hxg6+ hxg6 33. a4
d5 34. Bxf6 Kxf6 35. Rxd5 Ke7 36. Ke1 Rd8 37. Rb5 Rd4 38. a5 Ra4 39. b4 a6 40.
axb6 axb5 0-1